Представление документа в формате RUSMARC

ПолеНазваниеЗначение
  Тип записи a
  Библиографический уровень a
001 Контрольный номер RU/CBS_Ul/BASE/486033406
005 Дата корректировки 20240209175105.0
100 Данные общей обработки __
a Данные общей обработки 20150527d2015 ||| 0rusy0189 ca
101 Язык документа 0_
a Язык текста rus
102 Страна публикации __
a Страна публикации RU
105 Кодированные данные (монография) __
a Кодированные данные (монография) y###||||000|y
200 Заглавие и сведения об ответственности 1_
a Заглавие Слово об Абраме Новопольцеве
b Общее обозначение материала Текст
e Сведения, относящиеся к заглавию [наш заволжский сказочник]
f Первые сведения об ответственности М. Матлин
300 Общие примечания __
a Общие примечания Ограничения по возрасту - 12+
461 Уровень набора _0
1 2000
a Симбирскъ
463 Уровень физической единицы _0
1 001RU/CBS_Ul/BASE/486030739
1 2000
a № 3
v С. 14-16
1 210
d 2015
600 Персоналии _0
a Персоналии (Фамилия) Новопольцев
b Персоналии (Имя, инициалы) А. К.
606 Тематические рубрики 0_
a Основная рубрика Новопольцев, Абрам Кузьмич (1820-1885)
610 Ключевые слова 0_
a Ключевые слова литературоведение
610 Ключевые слова 0_
a Ключевые слова сказочники
610 Ключевые слова 0_
a Ключевые слова русские сказки
610 Ключевые слова 0_
a Ключевые слова русский фольклор
686 Индексы других классификаций __
a Классификационный индекс 83.3(2Рос=Рус)1
2 Код системы ББК
700 Автор _1
a Фамилия Матлин
b Имя (инициалы) М.
g Полное личное имя Михаил
801 Источник записи _0
a Страна RU
b Организация МБУК ЦБС г. Ульяновска
c Дата составления 20150527
g Правила каталогизации RCR
801 Источник записи _1
a Страна RU
b Организация МБУК ЦБС г. Ульяновска
c Дата составления 20150527
g Правила каталогизации RCR
900 Электронные ресурсы __
a Имя электронного ресурса Слово об Абраме Новопольцеве
901 Тип документа __
t Тип документа b
w Контрольный № источника RU/CBS_Ul/BASE/486030739
910 Корректоры записи __
a Корректор записи Нецеевский
938 Служебная информация __
a Имя БД kraeved